000 00898nas a2200289 4500
001 BR0905828
003 BR-BrBNA
005 20231205113744.0
007 ta
008 230509b bl.|||p| |||| 00| 00por d
040 _aBR-BrBNA
_bpor
_cBiblioteca Nacional de Agricultura
041 _a(Pt)
072 _aH10
100 1 _aPoltronieri, A.S.
100 1 _aSchuber, J.M.
100 1 _aMonteiro, L.B.
100 1 _aMio, L.L.M. de
245 1 _aDanos de Graholita molesta (Busck)(Lepidoptera:Tortricidae)em seis cultivares de pessegueiro, em Araucária, Paraná
650 _aPÊSSEGO
650 _aPRAGA DE PLANTA
650 _aMARIPOSA ORIENTAL
650 _aVARIEDADE
650 _aPARANÁ
773 0 _tRevista Brasileira de Fruticultura (Brazil)
_xISSN 0100 2945
_g(Dec 2008), v. 30(4) p. 897-901
_wBR0905828
909 _a202311
_bLúcia
_c55
_dLúcia Elande
942 _2AGRIS
_n0
_cANA
999 _c205430
_d205430